000 00931cab a2200217 4500
001 ABS39437
008 090401t1988 xxu||||| |||| 00| 0 eng d
035 _a(Sirsi) u16720
041 _aeng
100 _aKeane, P.J.
245 _aMaking use of arbitration
260 _c1988
350 _a0
490 _aBuilding Technology & Management
_v24(4) August/September 1988, 17-19(3)
520 _aIn the light of the increasing use of arbitration to resolve construction disputes, this article briefly describes how the practice of arbitration evolved; the elements needed to take a dispute to arbitration; the court proceedings; the appointment of an arbitrator and the hearing.
650 _aBUILT ENVIRONMENT-BUILDING CONTRACT FORMS
650 _aBUILDING INDUSTRY
690 _aMANAGEMENT-DISPUTE AVOIDANCE, MANAGEMENT AND RESOLUTION-DISPUTE MANAGEMENT AND RESOLUTION-ARBITRATION
942 _n0
948 _c04/03/1997
999 _c11047
_d11047